Ríos de España con un mapa vacío - Estadísticas

Estadísticas generales
  • Esta prueba ha sido intentada 525 veces
  • La puntuación promedio es 9 de 13
Respuestas en el mapa
Las respuestas están codificadas por una escala verde-roja en el mapa de la prueba según el % correcto abajo.
 
Estadísticas de respuestas
Ríos Longitud en kilómetros % Correcto
Río Ebro 928km
98%
Río Guadalquivir 657km
98%
Río Tajo 1007km
97%
Río Guadiana 744km
95%
Río Duero 897km
91%
Río Miño 318km
91%
Río Segura 325km
82%
Río Júcar 498km
79%
Río Pisuerga 280km
53%
Río Genil 358km
40%
Río Jarama 190km
39%
Río Esla 288km
35%
Río Jalón 224km
33%
No se encontraron pruebas coincidentes
Distribución de puntuación
Porcentaje de gente con cada puntuación
Porcentaje por número respondido
Historial de tus puntuaciones
No has intentado esta prueba.